Statistics for First World Capitals Alphabetically A-Z

Click here to take the quiz!

General Stats

  • This quiz has been taken 109 times
  • The average score is 17 of 24

Answer Stats

capital% Correct
OEuropeOslo
86%
QAmericasQuito
85%
ZEuropeZagreb
84%
JAsiaJakarta
80%
WEuropeWarsaw
78%
UAsiaUlaanbaatar
76%
CAfricaCairo
75%
FAfricaFreetown
73%
HAsiaHanoi
73%
MEuropeMadrid
73%
AAsiaAbu Dhabi
71%
DAfricaDakar
71%
IAsiaIslamabad
68%
VEuropeVaduz
68%
YAfricaYamoussoukro
68%
POceaniaPalikir
67%
GAfricaGaborone
66%
BAsiaBaghdad
63%
TAsiaTaipei
63%
RAfricaRabat
61%
NAfricaNairobi
59%
KAsiaKabul
57%
SAmericasSaint George's
48%
LAfricaLibreville
41%

Score Distribution

Percentile by Number Answered

Percent of People with Each Score

Your Score History

You have not taken this quiz